| 000 | 00381nam a22001337a 4500 | ||
|---|---|---|---|
| 008 | 250310b |||||||| |||| 00| 0 eng d | ||
| 020 | _a9781119675846 | ||
| 050 |
_aHA29 _b.S73 |
||
| 100 | _aDavid W.Scott | ||
| 245 | _aStatistics A Concise Mathematical Introduction for Students,Scientits,and Engineers | ||
| 260 |
_aUnited Kingdom _bWiley _c2020 |
||
| 300 | _axiv,165p | ||
| 942 | _cBK | ||
| 999 |
_c2190 _d2190 |
||